| 000 | 01431cam a2200385 a 4500 | ||
|---|---|---|---|
| 001 | 12594460 | ||
| 003 | OSt | ||
| 005 | 20140310182017.0 | ||
| 008 | 011120s2002 nyua c 000 1 eng | ||
| 010 | _a 2001058762 | ||
| 020 | _a0439395658 | ||
| 020 | _a0439395666 (pbk.) | ||
| 040 |
_aDLC _cDLC _dDLC |
||
| 042 | _alcac | ||
| 050 | 0 | 0 |
_aPZ 7 _b.M478 2002 |
| 082 | 0 | 0 |
_aKF _bM45l 2002 |
| 100 | 1 |
_aMcCutchen, Heather. _96738 |
|
| 245 | 1 | 0 |
_aLightland / _cH. L. McCutchen. |
| 250 | _a1st ed. | ||
| 260 |
_aNew York : _bOrchard Books _c2002. |
||
| 300 |
_a230 p. : _bill. ; _c22 cm. |
||
| 520 | _aTwelve-year-old Lottie and her best friend Lewis, who speaks only to her, find themselves in a world called LightLand, where they confront the dreaded NightKing, a dangerous being who experiments with the energies of memory. | ||
| 541 | _j1 | ||
| 562 | _e1 | ||
| 650 | 1 |
_aMagic _vFiction. _96739 |
|
| 650 | 1 |
_aMemory _vFiction. _96740 |
|
| 650 | 1 |
_aBest friends _vFiction. _96741 |
|
| 650 | 1 |
_aFriendship _vFiction. _96742 |
|
| 650 | 1 |
_aSelective mutism _vFiction. _96743 |
|
| 650 | 1 |
_aFantasy. _93293 |
|
| 856 | 4 | 2 |
_3Publisher description _uhttp://www.loc.gov/catdir/description/schol051/2001058762.html |
| 906 |
_a7 _bcbc _corignew _d1 _eocip _f20 _gy-gencatlg |
||
| 942 |
_2lcc _cBK-KF _kKF |
||
| 999 |
_c8276 _d8276 |
||